000 01075nam a2200265Ia 4500
003 OSt
005 20221005110333.0
006 a|||||r|||| 00| 0
007 ta
008 221004b |||||||| |||| 00| 0 hin d
020 _a9788179751848 (hbk (Set))
_c1500
024 _a105422
037 _b1463, 17/03/2011, Kiran Book Service
_cTextual
040 _aCRL
_cCRL
_bhin
041 _2hin
_ahin
082 _aO152,6x, P8.1-.2
100 _aशिशिर, कर्मेन्दु, संपा.
245 0 _aनवजागरण पत्रकारिता और सारसुधानिधि
246 _aNavajāgaraṇ patrakāritā aur sārasudhānidhi
260 _aनई दिल्ली
_bअनामिका पब्लिशर्स भारत
_c2008
490 _vभाग 1
650 _aहिन्दी साहित्य
942 _hO152,6x, P8.1-.2
_cTEXL
_2cc
999 _c1018492
_d1018492